| 000 | 02127nam0a2200385 i 4500 | ||
|---|---|---|---|
| 001 | RU\NLR\bibl\1978250 | ||
| 005 | 20260405142800.0 | ||
| 010 |
_a9785904496142 _9500 |
||
| 021 |
_aRU _b2012-91552 _96775 |
||
| 035 | _a(nilc)RSL-KNO-005575553 | ||
| 035 | _a(NLR Aleph) 001966993 | ||
| 090 |
_a3903393 _c3903393 |
||
| 100 | _a20121205d2012 u y0rusy50 ca | ||
| 101 | 0 | _arus | |
| 102 | _aRU | ||
| 105 | _aa ||||||||| | ||
| 200 | 1 |
_aСостояние и перспективы государственно-частного партнёрства в машиностроении _fА. В. Гребенников, С.М. Никитенко, Е.В. Гоосен, С.В. Ковригина _g[под ред. А.В. Гребенникова] _gКемеровский ин-т (фил.) ФГБОУ ВПО "Российский гос. торгово-экономический ун-т", НО "Ассоц. машиностроителей Кузбасса" |
|
| 210 |
_aКемерово _cСибирская изд. группа _d2012 |
||
| 215 |
_a238 с. _cил., табл. _d20 |
||
| 225 | 1 | _aИнновации. Предпринимательство. Инвестиции | |
| 320 | _aБиблиогр.: с. 201-203 (48 назв.) и в подстроч. примеч. | ||
| 606 | 1 |
_aМашиностроительная промышленность _xГосударственно-частное партнерство _92188596 _3RU\NLR\AUTH\6601551684 |
|
| 686 | 1 | _aУ30(2)585.1-13 | |
| 701 | 1 |
_4070 _7ca _8rus _aГребенников _bА. В. _cканд. техн. наук _gАндрей Владимирович _941556 _3RU\NLR\auth\7758624 |
|
| 701 | 1 |
_aНикитенко _bС. М. _gСергей Михайлович _4070 |
|
| 701 | 1 |
_aГоосен _bЕ. В. _gЕлена Владимировна _4070 |
|
| 701 | 1 |
_aКовригина _bС. В. _gСофья Владимировна _4070 |
|
| 801 | 0 |
_aRU _bRuMoRKP _c20121205 _grcr |
|
| 801 | 1 |
_aRU _bРГБ _c20121205 |
|
| 801 | 2 |
_aRU _bNLR _c20121211 _grcr |
|
| 830 | _aавт. по кн. | ||
| 942 | _cBOOK | ||
| 980 | _aNBR | ||